Evaluation report on elementary education in Nagaland (Record no. 494584)

000 -LEADER
fixed length control field 00366cam a22001097a 4500
008 - FIXED-LENGTH DATA ELEMENTS--GENERAL INFORMATION
fixed length control field 180718b1986 xxu||||| |||| 00| 0 eng d
082 ## - DEWEY DECIMAL CLASSIFICATION NUMBER
Classification number P4x5467 N13/ev
245 ## - TITLE STATEMENT
Title Evaluation report on elementary education in Nagaland
Statement of responsibility, etc. by Directorate of Evaluation
260 ## - PUBLICATION, DISTRIBUTION, ETC.
Place of publication, distribution, etc. Kohima
Name of publisher, distributor, etc. Directorate of Evaluation
Date of publication, distribution, etc. 1986
300 ## - PHYSICAL DESCRIPTION
Extent 49p.
700 ## - ADDED ENTRY--PERSONAL NAME
Personal name India. Directorate of Evaluation
Holdings
Withdrawn status Lost status Damaged status Not for loan Permanent Location Current Location Date acquired Full call number Barcode Date last seen Price effective from Koha item type
        Indian Institute of Public Administration Indian Institute of Public Administration 2018-08-04 P4x5467 N13/ev GG20594 2018-08-04 2018-08-04 GG

Powered by Koha